Optimization for machine learning.

Sparad:
Bibliografiska uppgifter
Övriga upphovsmän: Sra, Suvrit (Utgivare, redaktör, sammanställare), Nowozin, Sebastian, 1980- (Utgivare, redaktör, sammanställare), Wright, Stephen J., 1960- (Utgivare, redaktör, sammanställare)
Materialtyp: Bok
Språk:engelska
Publicerad: Cambridge, Mass., USA : MIT Press, 2012.
Serie:Neural information processing series.
Ämnen:
Taggar: Lägg till en tagg
Inga taggar, Lägg till första taggen!

MARC

LEADER 00000cam a22000004a 4500
001 16645059
003 CL-VaPUC
005 20250507120307.0
008 110209s2012 maua b 000 0 eng
999 |c 449213  |d 449211 
010 |a  2011002059 
016 7 |a 015874087  |2 Uk 
020 |a 9780262016469 (hardcover : alk. paper) 
020 |a 026201646X (hardcover : alk. paper) 
035 |a (OCoLC)ocn701493361 
040 |c Pontificia Universidad Católica de Valparaíso 
042 |a pcc 
050 0 0 |a Q325.5  |b .O65 2012 
082 0 0 |a 006.31 SRA 2012  |2 22 
100 |a Sra, Suvrit  |9 902446  |e editor 
245 0 0 |a Optimization for machine learning. 
260 |a Cambridge, Mass., USA :  |b MIT Press,  |c 2012. 
300 |a ix, 494 páginas :  |b ill. 
490 1 |a Neural information processing series. 
504 |a Includes bibliographical references. 
583 |c 20250507 
650 0 |a Aprendizaje automático (AA)  |x Modelos matemáticos   |9 902669 
650 0 |a Optimización matemática  |9 259780 
700 1 |a Nowozin, Sebastian,  |d 1980-  |e editor  |9 902670 
700 1 |a Wright, Stephen J.,  |d 1960-  |e editor  |9 902671 
830 0 |a Neural information processing series.  |9 902672 
942 |2 ddc  |c BK  |n 1 
952 |0 0  |1 0  |2 ddc  |4 0  |6 006_310000000000000_SRA_2012  |7 0  |8 A  |9 602915  |a BIBING  |b BIBING  |d 2025-05-07  |e 1  |g 56388.88  |i 5667426  |o 006.31 SRA 2012  |p 5667426  |r 2025-05-07  |t 1  |v 56388.88  |w 2025-05-07  |y BK  |k EII 
952 |0 0  |1 0  |2 ddc  |4 0  |6 006_310000000000000_SRA_2012  |7 0  |8 A  |9 602916  |a BIBING  |b BIBING  |d 2025-05-07  |e 1  |g 56388.88  |i 5667427  |o 006.31 SRA 2012  |p 5667427  |r 2025-05-07  |t 1  |v 56388.88  |w 2025-05-07  |y BK  |k EII